Statistiques concernant Pays plus grands que l'Alaska

Cliquez ici pour prendre le quiz!

Statistiques générales

  • Ce quiz a été pris 91 fois
    (66 depuis la dernière actualisation)
  • Le résultat moyen est 14 sur 16

Statistiques - réponses

Taille KmPaysTaille Mi% Correct
7,692,024Australie2,969,906
100%
9,706,961Chine3,747,877
100%
17,098,242Russie6,601,665
100%
8,515,767Brésil3,287,955
98%
2,780,400Argentine1,073,518
97%
2,381,741Algérie919,595
95%
9,984,670Canada3,855,101
95%
9,372,610États-Unis3,618,783
95%
2,344,858République Démocratique du Congo905,354
94%
3,287,590Inde1,269,345
90%
1,964,375Mexique758,449
90%
2,724,900Kazakhstan1,052,089
83%
1,904,569Indonésie735,358
79%
2,149,690Arabie Saoudite830,000
76%
1,886,068Soudan728,215
68%
1,759,540Libye679,362
57%

Distribution des résultats

Percentile par nombre de réponses

% des personnes avec chaque résultat

Votre développement - résultats

Vous n’avez pas pris ce quiz depuis la dernière actualisation